ELECTRONIC COMMERCE FRAMEWORK TECHNOLOGY AND APPLICATION (Record no. 15714)

MARC details
000 -LEADER
fixed length control field 00333nam a22001457a 4500
003 - CONTROL NUMBER IDENTIFIER
control field SGT
020 ## - INTERNATIONAL STANDARD BOOK NUMBER
International Standard Book Number 9781259026843
082 ## - DEWEY DECIMAL CLASSIFICATION NUMBER
Classification number 381.14
Item number BHA
100 ## - MAIN ENTRY--PERSONAL NAME
Personal name BHASKAR, BHARAT
245 ## - TITLE STATEMENT
Title ELECTRONIC COMMERCE FRAMEWORK TECHNOLOGY AND APPLICATION
250 ## - EDITION STATEMENT
Edition statement 4TH
260 ## - PUBLICATION, DISTRIBUTION, ETC. (IMPRINT)
Name of publisher, distributor, etc MC GRAW HILL
Year of Publication 2019
300 ## - PAGE DESCRIPTION
No. of Pages 519
942 ## - ADDED ENTRY ELEMENTS (KOHA)
Source of classification or shelving scheme Dewey Decimal Classification
Koha item type Books
Holdings
Withdrawn status Lost status Source of classification or shelving scheme Damaged status Not for loan Collection code Home library Current library Shelving location Date acquired Vendor Name Cost, normal purchase price SGTU Bill Number Total Checkouts Full call number Accession No. (Barcode) Date last seen Date last borrowed Bill Date Koha item type
    Dewey Decimal Classification     COMMERCE MANAGEMENT SGT Science & Social Sciences Library SGT Science & Social Sciences Library Text Book 31/07/2018 KIRTI PRAKASHAN 695.00 SGTU IN343 5 381.14 BHA CM4360 20/05/2019 24/04/2019   Books
    Dewey Decimal Classification   Not For Loan COMMERCE MANAGEMENT SGT Science & Social Sciences Library SGT Science & Social Sciences Library Reference Book 31/07/2018 KIRTI PRAKASHAN 695.00 SGTU IN343   381.14 BHA CM4361 31/07/2018     Books